| Tag |
First Indicator |
Second Indicator |
Subfields |
| LEADER |
00000cam a22000008a 4500 |
| 001 |
in00000031314 |
| 005 |
20151007060358.0 |
| 008 |
870806s1988 kyu s00110 eng |
| 010 |
|
|
|a 87024085
|
| 020 |
|
|
|a 0813106079 :
|c $30.00
|
| 035 |
|
|
|a (OCoLC)16685169
|
| 035 |
|
|
|9 AAC0710AM
|
| 040 |
|
|
|a DLC
|c DLC
|d TXA
|d UtOrBLW
|
| 043 |
|
|
|a n-us-ky
|
| 049 |
|
|
|a TXAM
|c [A11680307]
|
| 050 |
0 |
0 |
|a J87
|b .K417 1943
|
| 082 |
0 |
|
|a 353.976903/5
|2 19
|
| 100 |
1 |
|
|a Willis, Simeon S.,
|d 1879-1965.
|
| 245 |
1 |
4 |
|a The public papers of Governor Simeon Willis, 1943-1947 /
|c James C. Klotter, editor, Edmund D. Lyon and C. David Dalton, assistant editors.
|
| 263 |
|
|
|a 8805
|
| 264 |
|
1 |
|a Lexington, Ky. :
|b University Press of Kentucky,
|c [1988]
|
| 300 |
|
|
|a xx, 403 pages
|
| 336 |
|
|
|a text
|b txt
|2 rdacontent
|
| 337 |
|
|
|a unmediated
|b n
|2 rdamedia
|
| 338 |
|
|
|a volume
|b nc
|2 rdacarrier
|
| 490 |
1 |
|
|a The Public papers of the governors of Kentucky
|
| 500 |
|
|
|a Includes index.
|
| 536 |
|
|
|a Dr. Paul P. Van Riper collection, Department of Political Science.
|
| 610 |
1 |
0 |
|a Kentucky.
|b Governor (1943-1947 : Willis)
|
| 651 |
|
0 |
|a Kentucky
|x Politics and government
|y 1865-1950
|x Sources.
|
| 700 |
1 |
|
|a Klotter, James C.
|
| 700 |
1 |
|
|a Lyon, Edmund D.,
|d 1943-
|
| 700 |
1 |
|
|a Dalton, C. David,
|d 1957-
|
| 710 |
1 |
|
|a Kentucky.
|b Governor (1943-1947 : Willis)
|
| 830 |
|
0 |
|a Public papers of the governors of Kentucky.
|
| 999 |
|
|
|a MARS
|
| 999 |
f |
f |
|s 6687bf71-a9db-37e0-a45b-1093dc41e96c
|i ffd7f641-25a9-38f3-8f6b-8fda48297b22
|t 0
|
| 952 |
f |
f |
|p ric
|a Texas A&M University
|b Rellis Campus
|c Joint Library Facility
|s JLF
|d Remote Storage
|t 0
|e J87 .K417 1943
|h Library of Congress classification
|i unmediated -- volume
|m A14821149159
|
| 998 |
f |
f |
|a J87 .K417 1943
|t 0
|l Remote Storage
|